000 00410pab a2200157 454500
008 180718b1998 xxu||||| |||| 00| 0 eng d
100 _aGoyal, Narendra
245 _aVajpayee government: hundred days of misadventure
260 _c1998
300 _ap.3-4
362 _a27 Jun
650 _aIndia - Politics and government
650 _aPolitics and government
773 _aYoung Indian
909 _a37926
999 _c37926
_d37926